| 000 | 00552nam a22001817a 4500 | ||
|---|---|---|---|
| 003 | OSt | ||
| 005 | 20260508051121.0 | ||
| 008 | 260430b |||||||| |||| 00| 0 eng d | ||
| 020 | _a978-1-59695-007-8 | ||
| 040 |
_aDWCL-Main lib _cOC |
||
| 082 |
_22006 ed. _aGR. 423 W382 2006 |
||
| 110 | _aMERIAM - WEBSTER | ||
| 245 |
_aWebsters new explorer encyclopedia / _cMERIAM - WEBSTER |
||
| 260 |
_aSringfield, MA : _bFederal Street Press, . _cc2006 |
||
| 300 |
_a2224 p. ; _c29 cm. |
||
| 650 | _aDictionaries - English. | ||
| 942 |
_2ddc _cGR _e2006 ed. _mGR. _n0 |
||
| 999 |
_c10107 _d10107 |
||